Paul. (Record no. 15942)

000 -LEADER
fixed length control field 00455nam a2200157 a 4500
001 - CONTROL NUMBER
control field :::00018409$&:&@@
003 - CONTROL NUMBER IDENTIFIER
control field OkBaRHE
005 - DATE AND TIME OF LATEST TRANSACTION
control field 20001025114305.0
008 - FIXED-LENGTH DATA ELEMENTS--GENERAL INFORMATION
fixed length control field s1947 j 000 0 eng u
040 ## - CATALOGING SOURCE
Transcribing agency
100 1# - MAIN ENTRY--PERSONAL NAME
Personal name Goodspeed, Edgar J.
245 10 - TITLE STATEMENT
Title Paul.
260 ## - PUBLICATION, DISTRIBUTION, ETC. (IMPRINT)
Place of publication, distribution, etc Philadelphia
Name of publisher, distributor, etc The John C. Winston Company
Date of publication, distribution, etc 1947
942 ## - ADDED ENTRY ELEMENTS (KOHA)
Source of classification or shelving scheme
Koha item type Books
Copies
Date last seen Date acquired Koha item type Full call number Source of classification or shelving scheme Barcode Copy number Withdrawn status Lost status Damaged status Permanent Location Not for loan Price effective from Shelving location
2018-03-162010-04-14BooksBS 2505 .G58 184091   RHEMA Bible Training College 2010-04-14General Stacks